| 000 | 003480000a22001450004500 | ||
|---|---|---|---|
| 020 | _a958-637-135-2 | ||
| 041 | 0 | _aSPA | |
| 082 | 0 | 4 | _aG 865 M516o |
| 100 | 1 | _aMejía Vallejo, Manuel | |
| 245 | 1 | 0 | _aOtras historias de Balandú / Manuel Mejía Vallejo |
| 260 | _aBogotá, Colombia : Intermedio | ||
| 300 | _a167 Pag | ||
| 001 | 11195 | ||
| 942 | _cBK | ||
| 999 |
_c40561 _d40561 |
||